[Event "2BLN 1819 SK König Tegel - FC St. Pauli"]
[Site "?"]
[Date "2019.02.23"]
[Round "7.3"]
[White "Socko, Monika"]
[Black "Muse, Mladen"]
[Result "1-0"]
[WhiteElo "2452"]
[BlackElo "2391"]
[PlyCount "67"]
[EventDate "2019.??.??"]

1. d4 Nf6 2. c4 e6 3. Nf3 b6 4. g3 Bb7 5. Bg2 Be7 6. O-O O-O 7. Nc3 Ne4 8. Bd2
Nxc3 9. Bxc3 Be4 10. d5 Bf6 11. Rc1 exd5 12. cxd5 c5 13. dxc6 dxc6 14. Qa4 Bxc3
15. Rxc3 Bd5 16. e4 Be6 17. Rd1 Qe7 18. Nd4 Bg4 19. Nf5 Bxf5 20. exf5 Qf6 21.
g4 h5 22. gxh5 a5 23. Qf4 Rd8 24. Rxd8+ Qxd8 25. h6 Qf6 26. hxg7 Nd7 27. Bxc6
Rd8 28. Bxd7 Rxd7 29. Rc8+ Kxg7 30. Qg4+ Kh6 31. Qh3+ Kg5 32. Rg8+ Kf4 33. Rg4+
Ke5 34. Qc3+ 1-0

[Event "2BLN 1819 SK König Tegel - FC St. Pauli"]
[Site "?"]
[Date "2019.02.23"]
[Round "7.4"]
[White "Bruedigam, Martin"]
[Black "Jahncke, Giso"]
[Result "1/2-1/2"]
[WhiteElo "2394"]
[BlackElo "2359"]
[PlyCount "91"]
[EventDate "2019.??.??"]

1. e4 e5 2. Nf3 Nc6 3. Bc4 Nf6 4. d3 Bc5 5. O-O O-O 6. Bg5 h6 7. Bh4 Be7 8. Bg3
d6 9. a4 Na5 10. Ba2 c5 11. h3 Nc6 12. c3 Bd7 13. Na3 Qc7 14. Re1 Rae8 15. Rc1
Qb8 16. Nc2 Bd8 17. Nh4 Kh7 18. d4 cxd4 19. cxd4 Ba5 20. Re2 Nh5 21. Bh2 Qd8
22. Nf3 Nf4 23. Re3 Bb6 24. Bxf4 exf4 25. Re2 g5 26. Qd3 Kh8 27. b4 a6 28. b5
axb5 29. axb5 Na7 30. Bc4 f5 31. exf5 Bxf5 32. Rxe8 Qxe8 33. Qa3 Qg6 34. Nb4
Be4 35. Nd5 Bxd5 36. Bxd5 Qf6 37. Bxb7 Nxb5 38. Qa6 Nxd4 39. Rb1 Bc5 40. Nxd4
Qxd4 41. Qe2 Rb8 42. Qe6 Qg7 43. Be4 Rxb1+ 44. Bxb1 d5 45. Qxd5 Qd4 46. Qxd4+
1/2-1/2

[Event "2BLN 1819 SK König Tegel - FC St. Pauli"]
[Site "?"]
[Date "2019.02.23"]
[Round "7.5"]
[White "Krause, Jonah"]
[Black "Fruebing, Stefan"]
[Result "0-1"]
[WhiteElo "2351"]
[BlackElo "2409"]
[PlyCount "70"]
[EventDate "2019.??.??"]

1. Nf3 Nf6 2. d4 d5 3. c4 c6 4. e3 Bg4 5. Qb3 Qb6 6. Nc3 e6 7. Nh4 Bh5 8. h3
Be7 9. g4 Bg6 10. Nxg6 hxg6 11. g5 Qxb3 12. axb3 Ne4 13. f4 Ng3 14. Rh2 Nxf1
15. Kxf1 f6 16. gxf6 gxf6 17. Bd2 Nd7 18. Kg2 f5 19. Rhh1 Kf7 20. c5 a6 21. b4
Rag8 22. Rag1 g5 23. fxg5 Rxg5+ 24. Kf1 Rgh5 25. Rg3 Nf6 26. Be1 Bd8 27. Rf3
Ne4 28. h4 Ng5 29. Rf2 Bc7 30. Rg2 Nf3 31. Bg3 Bxg3 32. Rxg3 Rxh4 33. Rxh4 Nxh4
34. Ne2 Ng6 35. Kg1 Kf6 0-1

[Event "2BLN 1819 SK König Tegel - FC St. Pauli"]
[Site "?"]
[Date "2019.02.23"]
[Round "7.6"]
[White "Berger, Steve"]
[Black "Voigt, Martin"]
[Result "0-1"]
[WhiteElo "2435"]
[BlackElo "2352"]
[PlyCount "79"]
[EventDate "2019.??.??"]

1. e4 e6 2. d4 d5 3. Nc3 Nf6 4. e5 Nfd7 5. f4 c5 6. Nf3 Nc6 7. Be3 Be7 8. Qd2
O-O 9. dxc5 Qa5 10. O-O-O b6 11. Bb5 Nb4 12. a3 bxc5 13. Bxd7 Bxd7 14. axb4
cxb4 15. Nb1 Qa2 16. f5 Rfc8 17. f6 gxf6 18. Qd4 Rc4 19. Qd3 Ba4 20. Rd2 Rac8
21. Ne1 fxe5 22. Bh6 f5 23. Qg3+ Kf7 24. Qg7+ Ke8 25. Bg5 Bxg5 26. Qxg5 Bxc2
27. Nxc2 b3 28. Qg8+ Ke7 29. Qg7+ Kd6 30. Rxd5+ exd5 31. Qf6+ Kc5 32. Qe7+ Kb6
33. Kd2 Rxc2+ 34. Ke3 Qa4 35. Qd6+ Qc6 36. Qb4+ Kc7 37. Qe7+ Kb8 38. Qxe5+ Ka8
39. Qd4 Qe6+ 40. Kf3 0-1

[Event "2BLN 1819 SK König Tegel - FC St. Pauli"]
[Site "?"]
[Date "2019.02.23"]
[Round "7.7"]
[White "Mueller, Fabian"]
[Black "Muse, Drazen"]
[Result "1-0"]
[WhiteElo "2343"]
[BlackElo "2374"]
[PlyCount "101"]
[EventDate "2019.??.??"]

1. d4 d6 2. Nf3 Bg4 3. g3 Bxf3 4. exf3 e6 5. c3 c6 6. Bd3 Be7 7. Qc2 Nf6 8. Nd2
Nbd7 9. O-O c5 10. dxc5 Nxc5 11. Bb5+ Kf8 12. Rd1 h5 13. Bf1 h4 14. a4 Qc7 15.
Nc4 hxg3 16. hxg3 Ncd7 17. Bf4 Nd5 18. Rxd5 exd5 19. Ne3 Ne5 20. Qd1 d4 21.
cxd4 Ng6 22. Nd5 Qa5 23. Qb3 Nxf4 24. Nxf4 Qb6 25. Qd5 Qc6 26. Qf5 Kg8 27. Nd5
Bf8 28. Bb5 Qc8 29. Bd7 Qd8 30. Re1 g6 31. Qg4 Qa5 32. Qe4 Kg7 33. b4 Qd8 34.
Qg4 Rh5 35. Re8 f5 36. Rxd8 fxg4 37. Rxa8 Rxd5 38. Rxa7 Rxd4 39. Rxb7 gxf3 40.
a5 Kh6 41. a6 Rd1+ 42. Kh2 Ra1 43. a7 Bg7 44. b5 Bd4 45. b6 Bxf2 46. Rb8 Rg1
47. Bh3 Rd1 48. Bf1 Rxf1 49. a8=Q Bg1+ 50. Kh3 Bd4 51. Kg4 1-0

[Event "2BLN 1819 SK König Tegel - FC St. Pauli"]
[Site "?"]
[Date "2019.02.23"]
[Round "7.8"]
[White "Sarbok, Torsten"]
[Black "Stenner, Patrick"]
[Result "1-0"]
[WhiteElo "2317"]
[BlackElo "2258"]
[PlyCount "127"]
[EventDate "2019.??.??"]

1. e4 c6 2. d4 d5 3. exd5 cxd5 4. Bd3 Nc6 5. c3 Nf6 6. h3 g6 7. Nf3 Bf5 8. O-O
e6 9. Re1 Bxd3 10. Qxd3 Bg7 11. Bf4 O-O 12. Nbd2 Re8 13. Ne5 Nh5 14. Bh2 Nxe5
15. dxe5 Bh6 16. Nf3 Qb6 17. Nd4 Rac8 18. Rab1 Ng7 19. g4 Bg5 20. Kg2 Qa6 21.
Qxa6 bxa6 22. Re2 Rc4 23. Rd1 Rb8 24. f4 Bd8 25. Rd3 Bb6 26. Nf3 Re4 27. Kf1 h5
28. Ng5 Rxe2 29. Kxe2 hxg4 30. hxg4 Bd8 31. b3 a5 32. Nf3 a4 33. Nd4 axb3 34.
axb3 Bb6 35. Nf3 Bc7 36. Nd2 g5 37. fxg5 Bd8 38. Bf4 Ne8 39. g6 fxg6 40. Be3 a5
41. c4 Nc7 42. Bc5 dxc4 43. bxc4 Na6 44. Bd6 Rc8 45. c5 a4 46. Ne4 Nb4 47. Ra3
Ra8 48. Nc3 Nd5 49. Nxd5 exd5 50. c6 Ra7 51. Kd3 Kf7 52. Kd4 Ke6 53. Kc5 Bh4
54. Kb5 Be7 55. Kb6 Ra8 56. Kb7 Re8 57. c7 Bxd6 58. exd6 Kxd6 59. Rxa4 g5 60.
c8=Q Rxc8 61. Kxc8 Ke5 62. Kd7 d4 63. Ke7 d3 64. Ra1 1-0

[Event "2BLN 1819 SC Rotation Pankow - Lübecke"]
[Site "?"]
[Date "2019.02.23"]
[Round "7.1"]
[White "Kalinitschew, Sergey"]
[Black "Guth, Thomas"]
[Result "1-0"]
[WhiteElo "2440"]
[BlackElo "2287"]
[PlyCount "165"]
[EventDate "2019.??.??"]

1. g3 d5 2. Nf3 Nf6 3. Bg2 Bf5 4. O-O h6 5. c4 c6 6. b3 Nbd7 7. Bb2 Qc7 8. cxd5
cxd5 9. Nc3 e5 10. Rc1 Qa5 11. d4 e4 12. Ne5 Bd6 13. f4 Ng4 14. Nxg4 Bxg4 15.
f5 Bh5 16. Qe1 Bb4 17. a3 Bxc3 18. Rxc3 Qa6 19. Rc7 Qd6 20. Qc1 O-O 21. a4 Nf6
22. Ba3 Qb6 23. Bxf8 Rxf8 24. Qc3 Bxe2 25. Rc1 Bg4 26. a5 Qd6 27. Qc5 Qxc5 28.
R1xc5 b6 29. Rb5 Be2 30. Rb4 bxa5 31. Rbb7 Bd1 32. Rc1 Bg4 33. Rc5 Bxf5 34. h3
Re8 35. Kf2 e3+ 36. Ke1 Be4 37. Bxe4 Rxe4 38. Rc8+ Kh7 39. Rxf7 Kg6 40. Rcc7
Rxd4 41. Rxg7+ Kf5 42. Rgf7 Ke6 43. Rce7+ Kd6 44. Rxe3 Nd7 45. Rh7 a4 46. Rxh6+
Kc5 47. Ra6 axb3 48. Rxb3 Ne5 49. Rxa7 Re4+ 50. Kf2 d4 51. Rc7+ Kd6 52. Rc2 d3
53. Rd2 Ke6 54. Rbxd3 Nxd3+ 55. Rxd3 Kf5 56. Kf3 Ra4 57. g4+ Kg5 58. Kg3 Ra1
59. Rd5+ Kg6 60. Rd6+ Kg7 61. Kh4 Ra3 62. g5 Rb3 63. Kg4 Rb4+ 64. Kh5 Rb7 65.
h4 Ra7 66. Rd4 Rb7 67. Kg4 Ra7 68. h5 Rb7 69. h6+ Kh7 70. Re4 Ra7 71. Kh5 Ra8
72. Re7+ Kg8 73. g6 Ra5+ 74. Kg4 Ra8 75. Kf5 Ra4 76. Kf6 Ra6+ 77. Re6 Ra8 78.
Rd6 Re8 79. Rd7 Kh8 80. Kf7 Rg8 81. g7+ Kh7 82. Re7 Ra8 83. Re8 1-0

[Event "2BLN 1819 SC Rotation Pankow - Lübecke"]
[Site "?"]
[Date "2019.02.23"]
[Round "7.2"]
[White "Dauth, Benjamin"]
[Black "Kololli, Martin"]
[Result "1/2-1/2"]
[WhiteElo "2277"]
[BlackElo "2330"]
[PlyCount "42"]
[EventDate "2019.??.??"]

1. e4 c5 2. c3 Nf6 3. e5 Nd5 4. d4 cxd4 5. cxd4 d6 6. f4 Nc6 7. Nc3 dxe5 8.
dxe5 Nxc3 9. Qxd8+ Kxd8 10. bxc3 g5 11. Nf3 gxf4 12. Bxf4 Be6 13. Ng5 Bg7 14.
O-O-O+ Kc7 15. Nxe6+ fxe6 16. Bc4 Bxe5 17. Bxe5+ Nxe5 18. Bxe6 Rad8 19. Kc2
Rxd1 20. Rxd1 Rf8 21. Rd5 Rf2+ 1/2-1/2

[Event "2BLN 1819 SC Rotation Pankow - Lübecke"]
[Site "?"]
[Date "2019.02.23"]
[Round "7.3"]
[White "Poghosyan, Tigran"]
[Black "Rietze, Clemens"]
[Result "0-1"]
[WhiteElo "2213"]
[BlackElo "2277"]
[PlyCount "130"]
[EventDate "2019.??.??"]

1. e4 e5 2. Nf3 Nc6 3. Bb5 Nf6 4. d3 Bc5 5. Bxc6 dxc6 6. O-O Qe7 7. Nbd2 Bg4 8.
h3 Bh5 9. Nb3 Bd6 10. Na5 Rb8 11. a4 c5 12. Nc4 Nd7 13. Ne3 Bxf3 14. Qxf3 g6
15. Nd5 Qh4 16. Kh2 c6 17. g3 Qd8 18. Ne3 O-O 19. Nc4 Be7 20. Bh6 Re8 21. Kg2
Bf8 22. Bd2 Bg7 23. h4 h5 24. Bg5 Nf6 25. Rh1 Qe7 26. Ne3 Qe6 27. Bxf6 Qxf6 28.
Qe2 Bh6 29. g4 hxg4 30. Nxg4 Qf4 31. Qf3 Kg7 32. Nxh6 Qxh6 33. Rh3 Rh8 34. Rah1
Qh5 35. Qe3 b6 36. Rg3 f6 37. Qd2 a5 38. f4 Kf7 39. Kf2 Rbe8 40. fxe5 Qxe5 41.
b3 Rh5 42. Rhg1 Rxh4 43. Rxg6 Reh8 44. Qe2 Rh2+ 45. R1g2 R2h4 46. R6g3 Qf4+ 47.
Qf3 Qd2+ 48. Kf1 Qc1+ 49. Ke2 Qxc2+ 50. Ke3 Qc1+ 51. Ke2 Rf4 52. Rg7+ Ke6 53.
Qg3 Qc2+ 54. Ke3 Qc1+ 55. Ke2 Qf1+ 56. Ke3 Qc1+ 57. Ke2 Rh1 58. Rg8 Ke5 59.
Rg5+ Kd4 60. Rg1 Qc2+ 61. Ke1 Qc3+ 62. Ke2 Rh2+ 63. Rg2 Rxg2+ 64. Qxg2 Qxd3+
65. Ke1 Rxe4+ 0-1

[Event "2BLN 1819 SC Rotation Pankow - Lübecke"]
[Site "?"]
[Date "2019.02.23"]
[Round "7.4"]
[White "Mueller, Michael"]
[Black "Christ, Ralf"]
[Result "0-1"]
[WhiteElo "2272"]
[BlackElo "2271"]
[PlyCount "108"]
[EventDate "2019.??.??"]

1. d4 Nf6 2. c4 g6 3. Nc3 d5 4. cxd5 Nxd5 5. e4 Nxc3 6. bxc3 Bg7 7. Bc4 c5 8.
Be3 Nc6 9. Ne2 O-O 10. O-O Bg4 11. f3 Bd7 12. d5 Ne5 13. Bb3 Qc7 14. h3 Bb5 15.
Rc1 Nc4 16. Qd3 Nxe3 17. Qxe3 Bxe2 18. Qxe2 c4 19. Qxc4 Qf4 20. e5 Qxe5 21. Qe4
Qd6 22. c4 Rac8 23. Rce1 Rc7 24. f4 Bf6 25. Kh1 a6 26. Rf3 b5 27. cxb5 axb5 28.
Rd1 Rfc8 29. Rfd3 Rc1 30. Rxc1 Rxc1+ 31. Rd1 Rc3 32. Rf1 Qc5 33. d6 Qxd6 34.
Qa8+ Kg7 35. Qe8 e6 36. Qxb5 Qd2 37. Qb7 Rc1 38. Qf3 Re1 39. Bc4 Re3 40. Qf2
Qc3 41. Bb5 Bd4 42. Qh4 Qc5 43. a4 Rc3 44. Rd1 Bf2 45. Qg4 Qa3 46. Bf1 Qxa4 47.
Be2 h5 48. Qg5 Rc5 49. Qe7 Qxf4 50. Bf3 Bd4 51. Qd7 Be5 52. Kg1 Rc2 53. Qa7 Bd6
54. Kf1 Qc4+ 0-1

[Event "2BLN 1819 SC Rotation Pankow - Lübecke"]
[Site "?"]
[Date "2019.02.23"]
[Round "7.5"]
[White "Ehrke, Michael"]
[Black "Neumeier, Lars"]
[Result "0-1"]
[WhiteElo "2226"]
[BlackElo "2304"]
[PlyCount "76"]
[EventDate "2019.??.??"]

1. d4 Nf6 2. Nf3 c5 3. e3 e6 4. Bd3 d5 5. c3 Bd6 6. Nbd2 Nc6 7. O-O O-O 8. dxc5
Bxc5 9. e4 e5 10. b4 Bb6 11. exd5 Nxd5 12. Ne4 Nf4 13. Bxf4 exf4 14. Bc2 Bg4
15. b5 Ne7 16. a4 Qc7 17. Qd3 Ng6 18. h3 Rad8 19. Nd4 Bc8 20. Ng5 Rd5 21. h4
Qd8 22. Bb3 Kh8 23. Bxd5 Qxd5 24. Qf3 Qc5 25. Ne4 Qe5 26. Rfe1 Nxh4 27. Qe2 h6
28. Nf3 Qh5 29. Ned2 Nxg2 30. Qe7 Rg8 31. Kxg2 Bh3+ 32. Kh2 Bxf2 33. Kh1 Bg4+
34. Nh2 Bg3 35. Ndf1 Bxh2 36. Nxh2 Bf3+ 37. Kg1 Qg6+ 38. Kf2 Qg2# 0-1

[Event "2BLN 1819 SC Rotation Pankow - Lübecke"]
[Site "?"]
[Date "2019.02.23"]
[Round "7.6"]
[White "Bruchmann, Stephan"]
[Black "Lampe, Dirk"]
[Result "1-0"]
[WhiteElo "2254"]
[BlackElo "2146"]
[PlyCount "149"]
[EventDate "2019.??.??"]

1. e4 c5 2. Nf3 g6 3. Nc3 Bg7 4. a3 Nc6 5. Bb5 Nd4 6. O-O Nxb5 7. Nxb5 d6 8. d4
a6 9. Nc3 cxd4 10. Nxd4 Nf6 11. Bg5 O-O 12. Qd2 Re8 13. Rfe1 Bd7 14. h3 Rc8 15.
Rad1 Qb6 16. Nb3 Bc6 17. Qf4 Nd7 18. Qh4 Bf6 19. Bxf6 Nxf6 20. Rd4 Nd7 21. Qh6
Qc7 22. Nd2 Ne5 23. Re3 Qb6 24. Rb4 Qa7 25. Nf3 Nxf3+ 26. Rxf3 a5 27. Rb3 Qd4
28. Rd3 Qc5 29. Qd2 Qe5 30. Qe3 Qc5 31. Qd2 Qe5 32. Qe3 Qc5 33. Qd4 Qxd4 34.
Rxd4 Kg7 35. f3 f5 36. exf5 gxf5 37. Kf2 Kf6 38. Ke3 Rg8 39. g4 Rg6 40. Nd5+
Kf7 41. gxf5 Rg3 42. h4 Rcg8 43. c4 Rg2 44. Re4 Kf8 45. Rb6 a4 46. Nxe7 Bxe4
47. Nxg8 Bc6 48. Nf6 Rh2 49. Nxh7+ Ke7 50. Ng5 Rxh4 51. Ne4 Kd7 52. Rb4 Rh3 53.
Kf4 Rh2 54. Kg5 Rh3 55. Kg4 Rh2 56. Kg3 Rh1 57. Kg4 Rg1+ 58. Kf4 Rg2 59. c5 d5
60. Nc3 Rd2 61. Ke5 Ke7 62. Nxa4 Re2+ 63. Kf4 Kf6 64. Nc3 Re5 65. Rd4 Rxf5+ 66.
Ke3 Re5+ 67. Kd2 Rf5 68. f4 Rh5 69. b4 Rh2+ 70. Kc1 Rh1+ 71. Kb2 Rh2+ 72. Kb3
Rh3 73. a4 Be8 74. b5 Ke6 75. Kb4 1-0

[Event "2BLN 1819 SC Rotation Pankow - Lübecke"]
[Site "?"]
[Date "2019.02.23"]
[Round "7.7"]
[White "Frohberg, Marco"]
[Black "Seils, Joerg"]
[Result "*"]
[WhiteElo "2241"]
[BlackElo "2316"]
[PlyCount "138"]
[EventDate "2019.??.??"]

1. e4 d5 2. exd5 Qxd5 3. Nc3 Qa5 4. d4 c6 5. Bc4 Bf5 6. Bd2 Nf6 7. Nd5 Qd8 8.
Nxf6+ gxf6 9. Bf4 e6 10. Qd2 Nd7 11. Ne2 Nb6 12. Bb3 Nd5 13. Bh6 a5 14. Bxf8
Rxf8 15. c4 a4 16. Bd1 Nb6 17. Rc1 Qc7 18. Ng3 Bg6 19. h4 h5 20. Bxh5 Bxh5 21.
Nxh5 O-O-O 22. Qe3 Nd7 23. Ng3 c5 24. Ne2 e5 25. d5 f5 26. Nc3 f4 27. Qd2 Rg8
28. f3 f5 29. Qc2 e4 30. Kd1 Nb6 31. Nb5 Qe5 32. Qf2 e3 33. Qe2 Kb8 34. a3 Nxd5
35. Ke1 Nb6 36. Rc2 Rd2 37. Rxd2 exd2+ 38. Kxd2 Qxb2+ 39. Ke1 Qa1+ 40. Kf2 Qg7
41. Rh2 Nxc4 42. h5 Ne3 43. h6 Qd7 44. h7 Rh8 45. Rh1 Rxh7 46. Rxh7 Qxh7 47.
Qd2 Qh4+ 48. Kg1 Kc8 49. Qa5 Kd7 50. Qc7+ Ke6 51. Qd6+ Kf7 52. Qd7+ Qe7 53.
Nd6+ Kf8 54. Qc8+ Kg7 55. Qxc5 Kg6 56. Qb4 Qh4 57. Qd2 Qf6 58. Kf2 Qa1 59. Qd3
Qb2+ 60. Ke1 Nxg2+ 61. Kf1 Ne3+ 62. Ke1 Qc1+ 63. Kf2 Qb2+ 64. Ke1 Qc1+ 65. Kf2
b6 66. Nb5 Qc5 67. Ke2 Nd5 68. Nd4 Ne7 69. Nb5 Qe5+ *

[Event "2BLN 1819 SC Rotation Pankow - Lübecke"]
[Site "?"]
[Date "2019.02.23"]
[Round "7.8"]
[White "Steinhagen, Bernd"]
[Black "Koop, Thilo"]
[Result "1/2-1/2"]
[WhiteElo "2254"]
[BlackElo "2167"]
[PlyCount "44"]
[EventDate "2019.??.??"]

1. c4 Nc6 2. Nc3 e5 3. g3 Nf6 4. Bg2 Bc5 5. e3 d5 6. cxd5 Nb4 7. d3 c6 8. a3
Nbxd5 9. Nge2 O-O 10. O-O Bg4 11. h3 Bh5 12. Qc2 Bb6 13. Na4 Bc7 14. b3 Rc8 15.
Bb2 b6 16. b4 Qd7 17. Rfe1 Bb8 18. Rac1 Rfd8 19. Qb3 Qe6 20. Qc2 Qd7 21. Qb3
Qe6 22. Qc2 Qd7 1/2-1/2

[Event "2BLN 1819 SK Zehlendorf - SK Nordersted"]
[Site "?"]
[Date "2019.02.23"]
[Round "7.1"]
[White "Krause, Benedict"]
[Black "Lagunow, Raphael"]
[Result "1-0"]
[WhiteElo "2436"]
[BlackElo "2430"]
[PlyCount "49"]
[EventDate "2019.??.??"]

1. e4 e5 2. Nf3 Nc6 3. Bc4 Nf6 4. d3 Be7 5. O-O O-O 6. Re1 d6 7. a4 Kh8 8. h3
Ng8 9. Nc3 f5 10. Nd5 Bf6 11. a5 Nce7 12. a6 b6 13. d4 Nxd5 14. Bxd5 Rb8 15.
dxe5 dxe5 16. Bd2 f4 17. Bc3 Qe7 18. Bb3 c6 19. Qd3 Rd8 20. Qc4 b5 21. Qf7 Qc5
22. Qc7 b4 23. Nxe5 Nh6 24. Ng6+ hxg6 25. Bxf6 1-0

[Event "2BLN 1819 SK Zehlendorf - SK Nordersted"]
[Site "?"]
[Date "2019.02.23"]
[Round "7.2"]
[White "Sawlin, Leonid"]
[Black "Parvanyan, Ashot"]
[Result "1-0"]
[WhiteElo "2370"]
[BlackElo "2438"]
[PlyCount "77"]
[EventDate "2019.??.??"]

1. e4 e6 2. d4 d5 3. Nd2 Nf6 4. e5 Nfd7 5. Bd3 c5 6. c3 Nc6 7. Ne2 cxd4 8. cxd4
f6 9. exf6 Nxf6 10. O-O Bd6 11. Nf3 Qc7 12. Nc3 a6 13. Bg5 O-O 14. Bh4 Nh5 15.
Bg3 Nxg3 16. hxg3 g6 17. Rc1 Qg7 18. Bb1 Bd7 19. Na4 Rf6 20. Nc5 Bxc5 21. Rxc5
Raf8 22. Rc3 g5 23. Re3 Kh8 24. Qd2 Rh6 25. Ne5 Nxe5 26. Rxe5 Rg8 27. Rc1 Rh5
28. f3 Qh6 29. Kf2 Rh2 30. Bd3 Qh3 31. Rg1 Qh6 32. Qb4 Rf8 33. Qxb7 g4 34. f4
Rxf4+ 35. gxf4 Qxf4+ 36. Ke2 g3 37. Qxd7 Qf2+ 38. Kd1 Qxg1+ 39. Re1 1-0

[Event "2BLN 1819 SK Zehlendorf - SK Nordersted"]
[Site "?"]
[Date "2019.02.23"]
[Round "7.3"]
[White "Ostrovskiy, Andrey"]
[Black "Malek, Daniel"]
[Result "1-0"]
[WhiteElo "2424"]
[BlackElo "2372"]
[PlyCount "95"]
[EventDate "2019.??.??"]

1. e4 e5 2. Nf3 Nf6 3. d4 Nxe4 4. Bd3 d5 5. dxe5 Be7 6. O-O Nc5 7. Be2 O-O 8.
Be3 c6 9. c4 dxc4 10. Bxc4 Qxd1 11. Rxd1 Nbd7 12. Nc3 Nb6 13. Bf1 Bg4 14. Rd2
Rfd8 15. Nd4 Ne6 16. h3 Nxd4 17. hxg4 Ne6 18. Rad1 Rxd2 19. Rxd2 Kf8 20. f4 Bc5
21. Kf2 Ke7 22. g3 Bxe3+ 23. Kxe3 Nc7 24. Ne4 Ncd5+ 25. Kf3 f6 26. exf6+ Nxf6
27. Nc5 Rb8 28. g5 Nfd7 29. Nxd7 Nxd7 30. Bd3 g6 31. Rh2 Nf8 32. g4 Rd8 33.
Re2+ Kd7 34. f5 Re8 35. Rd2 Kc7 36. Rh2 Rd8 37. Bc4 b5 38. Bg8 Rd7 39. Kf4 Rd4+
40. Kf3 Rd7 41. Rc2 Kb6 42. f6 Rd3+ 43. Ke4 Rd1 44. Rh2 Rg1 45. Kf4 Rf1+ 46.
Ke5 Rg1 47. Kd6 Re1 48. Rc2 1-0

[Event "2BLN 1819 SK Zehlendorf - SK Nordersted"]
[Site "?"]
[Date "2019.02.23"]
[Round "7.4"]
[White "Meister, Jakob"]
[Black "Trent, Lawrence"]
[Result "1-0"]
[WhiteElo "2413"]
[BlackElo "2385"]
[PlyCount "138"]
[EventDate "2019.??.??"]

1. e4 e5 2. Bc4 Nf6 3. d3 Nc6 4. f4 exf4 5. Bxf4 d5 6. exd5 Nxd5 7. Qe2+ Be6 8.
Bxd5 Nd4 9. Qf2 Qxd5 10. Nc3 Qd7 11. O-O-O Bc5 12. Be3 Bb6 13. Nf3 Nxf3 14.
Qxf3 O-O-O 15. Rde1 Rhe8 16. Bxb6 axb6 17. Qg3 f6 18. a4 Re7 19. Re3 Rde8 20.
Rhe1 Bg8 21. Kd2 Rxe3 22. Rxe3 Rxe3 23. Qxe3 Kd8 24. Qe4 Kc8 25. Qb4 Bf7 26. a5
bxa5 27. Qxa5 Qc6 28. Qf5+ Be6 29. Qf2 b6 30. g3 Bd7 31. Nd1 Qb5 32. Qd4 Qh5
33. h4 Bc6 34. Qf4 Kb7 35. Ne3 Qf7 36. c4 Qf8 37. Kc3 Qc5 38. b4 Qh5 39. Kd2
Kb8 40. d4 Qf7 41. d5 Bb7 42. Qe4 Qf8 43. Kc3 h6 44. Nf5 g6 45. Qe7 Qc8 46. Ne3
f5 47. Kd4 Qh8+ 48. Qe5 Qd8 49. h5 gxh5 50. Nxf5 Z0 51. Qf4 Qf6+ 52. Qe5 Qg5
53. Qf4 Qf6+ 54. Ke4 b5 55. Qe5 Qg6 56. Qg7 Qe8+ 57. Qe5 Qg6 58. Kd4 Qg8 59. d6
Qg4+ 60. Ke3 Qf3+ 61. Kd2 Qf2+ 62. Kc3 Qf3+ 63. Ne3 cxd6 64. Qxd6+ Ka8 65. Qd8+
Ka7 66. Qd4+ Ka8 67. Z0 bxc4 68. Kxc4 Qf2 69. Kc3 Qa2 {Rest unklar} 1-0

[Event "2BLN 1819 SK Zehlendorf - SK Nordersted"]
[Site "?"]
[Date "2019.02.23"]
[Round "7.5"]
[White "Kopylov, Michael"]
[Black "Stachowiak, Kamil"]
[Result "1/2-1/2"]
[WhiteElo "2416"]
[BlackElo "2426"]
[PlyCount "129"]
[EventDate "2019.??.??"]

1. d4 Nf6 2. c4 c5 3. d5 b5 4. cxb5 a6 5. bxa6 g6 6. Nc3 Bxa6 7. Nf3 Bg7 8. e4
Bxf1 9. Kxf1 d6 10. g3 O-O 11. Kg2 Nbd7 12. a4 Qb6 13. Qe2 Rfb8 14. Nb5 Ne8 15.
Bg5 Qd8 16. Rhb1 h6 17. Bd2 Nc7 18. Ra3 Rb7 19. Nxc7 Qxc7 20. b4 cxb4 21. Rxb4
Rxb4 22. Bxb4 Rb8 23. Bd2 Qc2 24. a5 Nc5 25. a6 Qb2 26. Ra5 Ra8 27. a7 Qb6 28.
e5 Rxa7 29. exd6 exd6 30. Qe8+ Kh7 31. Rb5 Ra8 32. Rxb6 Rxe8 33. Rxd6 Bf8 34.
Rf6 Kg8 35. Rc6 Ne4 36. Be3 Ra8 37. Bb6 Ra1 38. Rc8 Rd1 39. Bd4 Rd3 40. h4 f6
41. Re8 f5 42. Ra8 g5 43. hxg5 hxg5 44. Bb2 g4 45. Ne5 Rxd5 46. Ng6 Rd2 47.
Rxf8+ Kh7 48. Rxf5 Kxg6 49. Rf4 Rxb2 50. Rxe4 Kf5 51. Rf4+ Kg5 52. Rd4 Rc2 53.
Rd5+ Kg6 54. Kf1 Ra2 55. Ke1 Kf6 56. Rd2 Ra4 57. Ke2 Ke5 58. Ke3 Re4+ 59. Kd3
Rd4+ 60. Ke3 Rxd2 61. Kxd2 Kd4 62. Ke1 Ke5 63. Kd1 Kd5 64. Ke2 Ke4 65. Ke1
1/2-1/2

[Event "2BLN 1819 SK Zehlendorf - SK Nordersted"]
[Site "?"]
[Date "2019.02.23"]
[Round "7.6"]
[White "Brodowski, Piotr"]
[Black "Powierski, Emil"]
[Result "1-0"]
[WhiteElo "2439"]
[BlackElo "2318"]
[PlyCount "77"]
[EventDate "2019.??.??"]

1. c4 c5 2. g3 Nc6 3. Bg2 g6 4. Nc3 Bg7 5. a3 b6 6. Nf3 Bb7 7. O-O Nf6 8. Rb1
O-O 9. b4 Rb8 10. e4 Ne8 11. Bb2 cxb4 12. axb4 Nxb4 13. Qe2 a5 14. Rfc1 Ba6 15.
Ba3 Nd6 16. d3 b5 17. c5 Nxd3 18. Qxd3 Nc4 19. Nd1 Qc8 20. Nd2 Ne5 21. Qe3 b4
22. Bb2 a4 23. Bxe5 Bxe5 24. f4 Bg7 25. e5 f6 26. Nc4 Qc7 27. Nb6 fxe5 28. Rxb4
exf4 29. gxf4 e6 30. Rxa4 Bb7 31. Bxb7 Rxb7 32. Nf2 Qc6 33. Rb4 d5 34. Nd3 d4
35. Qe2 Rf5 36. Qg2 Qxg2+ 37. Kxg2 Bf8 38. c6 Rc7 39. Rxd4 1-0

[Event "2BLN 1819 SK Zehlendorf - SK Nordersted"]
[Site "?"]
[Date "2019.02.23"]
[Round "7.7"]
[White "Michna, Christian"]
[Black "Luch, Michal"]
[Result "1/2-1/2"]
[WhiteElo "2235"]
[BlackElo "2372"]
[PlyCount "21"]
[EventDate "2019.??.??"]

1. d4 Nf6 2. Nc3 d5 3. Bf4 c6 4. e3 Bf5 5. f3 Qb6 6. Na4 Qa5+ 7. c3 Nbd7 8. g4
Bg6 9. h4 h5 10. g5 Ng8 11. b4 1/2-1/2

[Event "2BLN 1819 SK Zehlendorf - SK Nordersted"]
[Site "?"]
[Date "2019.02.23"]
[Round "7.8"]
[White "Lagunow, Alexander"]
[Black "Kopylov, Daniel"]
[Result "0-1"]
[WhiteElo "2383"]
[BlackElo "2227"]
[PlyCount "64"]
[EventDate "2019.??.??"]

1. c4 Nf6 2. Nc3 d5 3. cxd5 Nxd5 4. Nf3 g6 5. e4 Nxc3 6. dxc3 Qxd1+ 7. Kxd1 Bg4
8. Kc2 Bxf3 9. gxf3 Nd7 10. Be3 e5 11. Bc4 Bc5 12. h4 Ke7 13. h5 Bxe3 14. fxe3
gxh5 15. Rxh5 Rag8 16. Rah1 Rg2+ 17. Kb3 Rf2 18. Rf5 f6 19. Ka3 h5 20. Rh4 c6
21. f4 b5 22. Bb3 a5 23. fxe5 Rxf5 24. exf5 Nxe5 25. Bd1 Nc4+ 26. Kb3 a4+ 27.
Kb4 Kd6 28. Rxh5 Rb8 29. Bxa4 c5+ 30. Kb3 Nxe3 31. c4 bxa4+ 32. Kc3 Nd1+ 0-1

[Event "2BLN 1819 Hamburger SK II - SK König T"]
[Site "?"]
[Date "2019.02.24"]
[Round "8.1"]
[White "Stern, Rene"]
[Black "Souleidis, Georgios"]
[Result "1-0"]
[WhiteElo "2533"]
[BlackElo "2424"]
[PlyCount "105"]
[EventDate "2019.??.??"]

1. Nf3 Nf6 2. c4 e6 3. Nc3 d5 4. d4 Be7 5. Bg5 Nbd7 6. e3 h6 7. Bh4 O-O 8. Rc1
c5 9. dxc5 dxc4 10. c6 bxc6 11. Bxc4 Nb6 12. Qxd8 Rxd8 13. Be2 c5 14. Ne5 Bb7
15. Bf3 Bxf3 16. Nxf3 a5 17. Ke2 a4 18. Bg3 Rdc8 19. a3 Kf8 20. Rhd1 Nbd5 21.
Be5 Ra7 22. Rc2 Nxc3+ 23. Bxc3 Nd5 24. Nd2 Rb7 25. Nc4 Rb3 26. e4 Nxc3+ 27.
Rxc3 Rb7 28. Rdd3 Rcb8 29. Kd1 Bf6 30. e5 Be7 31. Kc2 f6 32. f4 fxe5 33. fxe5
Bd8 34. Rd6 Rf7 35. Rcd3 Bg5 36. Rf3 Rxf3 37. gxf3 Rb3 38. Rd3 Rb7 39. b3 Bf4
40. h3 axb3+ 41. Rxb3 Ra7 42. Rb5 Kf7 43. Rb6 h5 44. Kc3 Kg6 45. a4 Kg5 46.
Rxe6 Kh4 47. Rg6 Kxh3 48. a5 h4 49. e6 Bg3 50. Ne3 Rxa5 51. e7 Ra8 52. Nf5 Re8
53. Rxg7 1-0

[Event "2BLN 1819 Hamburger SK II - SK König T"]
[Site "?"]
[Date "2019.02.24"]
[Round "8.2"]
[White "Kramer, Julian"]
[Black "Rabiega, Robert"]
[Result "1/2-1/2"]
[WhiteElo "2380"]
[BlackElo "2509"]
[PlyCount "40"]
[EventDate "2019.??.??"]

1. e4 e5 2. Nf3 Nf6 3. Nc3 Nc6 4. d4 exd4 5. Nxd4 Bb4 6. Nxc6 bxc6 7. Bd3 d5 8.
exd5 cxd5 9. O-O O-O 10. Bg5 c6 11. Qf3 Rb8 12. Na4 Bd6 13. h3 Be6 14. Rad1 h6
15. Bf4 Bxf4 16. Qxf4 Qa5 17. b3 c5 18. Bf5 Bxf5 19. Qxf5 Rfe8 20. Qd3 Re6
1/2-1/2

[Event "2BLN 1819 Hamburger SK II - SK König T"]
[Site "?"]
[Date "2019.02.24"]
[Round "8.3"]
[White "Muse, Mladen"]
[Black "Colpe, Malte"]
[Result "1/2-1/2"]
[WhiteElo "2391"]
[BlackElo "2374"]
[PlyCount "59"]
[EventDate "2019.??.??"]

1. Nf3 d5 2. g3 Nf6 3. Bg2 e6 4. O-O c5 5. c4 d4 6. e3 Nc6 7. exd4 cxd4 8. d3
Bd6 9. Bg5 h6 10. Bxf6 Qxf6 11. Nbd2 Qe7 12. a3 a5 13. Qa4 Bd7 14. Ne4 O-O 15.
Nxd6 Qxd6 16. Qb5 a4 17. c5 Qc7 18. Qc4 e5 19. Rfe1 Rfe8 20. Nd2 Be6 21. Qc2
Na5 22. Rac1 Bb3 23. Qb1 Re6 24. Nxb3 Nxb3 25. Bd5 Nxc1 26. Bxe6 Nb3 27. Bxb3
axb3 28. Qd1 Ra5 29. Qxb3 Rxc5 30. Qa4 1/2-1/2